000 nam a22 a 4500
999 _c415275
_d415275
003 BLK
005 20210520101120.0
008 210520b bu |||||r|||| 00| 0 bu d
040 _aBLK
041 _aRUS
_cRUS
080 _aИмунитет. Приспособяемост (адаптация) на организма. Токсини. Антитоксини
_b612.017
_z612.017
100 _91299
_aМечников, Илья Ильич
_eпърви автор
139 _aМечников, Илья Ильич
_bМ 52
245 _aВопросы иммунитета
_bИзбранные труды
_cИ. И. Мечников ; ред. Л. А. Зильбера
257 _aRUS
260 _9438204
_aМосква
_bИзд-во Акад. наук СССР
_c1951
300 _a735 с.
_b12 л. ил. . : ил.
_c23 см
380 _a61
490 _9203086
_aСерия Классики науки
650 7 _9157115
_aИмунитет
653 7 _9187586
_aимунитет
700 _91311
_aЗильбер, Лев Александрович
_eред.
852 _aЦб 6.225.51117
_bО
942 _cKNG
_n0
_s1
944 _aCR
_c2021-05-20
_kВП